000 00280nam a2200109Ia 4500
008 200302s9999 xx 000 0 und d
100 _aJanet Waymark
245 _aModern Garden Design Innnovation Since 1900
260 _bThames and Hudson Ltd.
260 _c2003
300 _a256 P.,
999 _c4105
_d4105